Ngữ văn nâng cao 11

Sách được thiết kế gồm 3 phần: phần văn học, tiếng Việt và làm văn giúp học sinh nâng cao hiểu biết, phát huy khả năng tìm tòi, sáng tạo về ngôn ngữ và văn học.

Spremljeno u:
Bibliografski detalji
Glavni autor: Trần, Đình Sử
Format: Knjiga
Jezik:Undetermined
Izdano: Hà Nội Giáo dục 2007
Teme:
Oznake: Dodaj oznaku
Bez oznaka, Budi prvi tko označuje ovaj zapis!
Thư viện lưu trữ: Trung tâm Học liệu Trường Đại học Cần Thơ
LEADER 00860nam a2200205Ia 4500
001 CTU_156523
008 210402s9999 xx 000 0 und d
082 |a 495.9220712 
082 |b S550/T.1 
100 |a Trần, Đình Sử 
245 0 |a Ngữ văn nâng cao 11 
245 0 |c Trần Đình Sử 
260 |a Hà Nội 
260 |b Giáo dục 
260 |c 2007 
520 |a Sách được thiết kế gồm 3 phần: phần văn học, tiếng Việt và làm văn giúp học sinh nâng cao hiểu biết, phát huy khả năng tìm tòi, sáng tạo về ngôn ngữ và văn học. 
650 |a Philology,Ngôn ngữ học 
650 |x Study and teaching (secondary),Nghiên cứu và giảng dạy 
904 |i Thi 
980 |a Trung tâm Học liệu Trường Đại học Cần Thơ